Hip-Hop-Album Cover - Statistics

General Stats
  • This quiz has been taken 555 times
  • The average score is 10 of 16
Answer Stats
Picture Answer % Correct
Travis Scott - Astroworld
87%
Nas - Illmatic
83%
Kendrick Lamar - To Pimp a Butterfly
80%
Kanye West - The College Dropout
79%
Dr. Dre - 2001
74%
Snoop Dogg - Doggy Style
71%
50 Cent - Get Rich or Die Tryin‘
70%
N.W.A. - Straight Outta Compton
64%
The Notorious B.I.G. - Ready to Die
64%
2Pac - All Eyez on Me
59%
Outkast - Stankonia
58%
Eminem - The Slim Shady LP
49%
Wu-Tang Clan - Enter the Wu-Tang
48%
Lauryn Hill - Miseducation of Lauryn Hill
47%
A Tribe Called Quest - The Low End Theory
41%
Jay-Z - Reasonable Doubt
40%
No matching quizzes found
Score Distribution
Percent of People with Each Score
Percentile by Number Answered
Your Score History
You have not taken this quiz